Expertní systém type-2 fuzzy logika pro investiční analýzu

Využitie typ-2 fuzzy logiky ako podporného nástroja k investičnému rozhodovaniu. T2FLS aplikována na český akciový trh, ktorý doposiaľ nebol využitý k testovaniu vyššieho stupňa fuzzy logiky. Český akciový trh ako menej efektívny a charakteristický nižšou likviditou než ostatné finančné trhy vo vysp...

Descripción completa

Guardado en:
Detalles Bibliográficos
Autor principal: Janková, Zuzana
Otros Autores: Dostál, Petr
Formato: Capítulo de libro
Lenguaje:inglés
Materias:
Etiquetas: Agregar Etiqueta
Sin Etiquetas, Sea el primero en etiquetar este registro!

MARC

LEADER 00000naa a2200000 4500
001 0264071
005 20200610141313.7
041 0 |a eng 
044 |a CZ 
245 1 0 |a Expertní systém type-2 fuzzy logika pro investiční analýzu  |c Zuzana Janková, Petr Dostál 
520 |a Využitie typ-2 fuzzy logiky ako podporného nástroja k investičnému rozhodovaniu. T2FLS aplikována na český akciový trh, ktorý doposiaľ nebol využitý k testovaniu vyššieho stupňa fuzzy logiky. Český akciový trh ako menej efektívny a charakteristický nižšou likviditou než ostatné finančné trhy vo vyspelých štátoch. Z toho dôvodu je vhodnejší na tento trh aplikovať typ-2 fuzzy logiku ako typ-1 fuzzy logiku. 
610 2 0 |a logika 
610 2 0 |a trh akciový 
610 2 0 |a investície 
610 2 0 |a rozhodovanie investičné 
100 1 |a Janková, Zuzana 
700 1 |a Dostál, Petr